| 000 | 00990cam a2200265 a 4500 | ||
|---|---|---|---|
| 003 | UPN | ||
| 005 | 20250826063927.0 | ||
| 008 | 190920s2006 mx fr 000 0 spa d | ||
| 020 | _a9705700192 | ||
| 035 | _aUPN01000233010 | ||
| 040 |
_aMX-MxUPN _bspa _cMX-MxUPN |
||
| 050 | 4 |
_aLC3985 M6 _bO7.5 |
|
| 245 | 0 | 0 | _aOrientaciones generales para el funcionamiento de los servicios de educación especial |
| 260 |
_aMéxico : _bSEP, Dirección General de Desarrollo de la Gestión e Innovación Educativa , _c2006. |
||
| 300 | _a127 páginas | ||
| 490 | 0 | _aDocumentos para fortalecer la gestión escolar | |
| 650 | 4 |
_aEducación especial _zMéxico _94834 |
|
| 650 | 1 | 0 |
_924097 _aEscuelas de educación especial |
| 700 | 1 |
_944394 _aCastellano Pérez, Ernesto _ecoordinador |
|
| 700 | 1 |
_933455 _aEscandón Minutti, María del Carmen _ecoordinador |
|
| 710 | 1 |
_aMéxico. _bSecretaría de Educación Pública _eeditor _944381 |
|
| 905 | _aLibro | ||
| 942 |
_2lcc _cLIBRO |
||
| 999 |
_c205105 _d205105 |
||